<?xml version="1.0" encoding="UTF-8"?>
<collection xmlns="http://www.loc.gov/MARC21/slim">
 <record>
  <leader>04514ntm a22005657i 4500</leader>
  <controlfield tag="001">000657418</controlfield>
  <controlfield tag="003">CZ-PrVSE</controlfield>
  <controlfield tag="005">20200209092947.0</controlfield>
  <controlfield tag="006">m        d</controlfield>
  <controlfield tag="007">cr n||||||||||</controlfield>
  <controlfield tag="008">200209s2019    xr     fsbm   000 0 cze d</controlfield>
  <datafield tag="STA" ind1=" " ind2=" ">
   <subfield code="a">NEZPRACOVANÝ IMPORT</subfield>
  </datafield>
  <datafield tag="040" ind1=" " ind2=" ">
   <subfield code="a">ABA006</subfield>
   <subfield code="b">cze</subfield>
   <subfield code="c">ABA006</subfield>
   <subfield code="d">ABA006</subfield>
   <subfield code="e">rda</subfield>
  </datafield>
  <datafield tag="100" ind1="1" ind2=" ">
   <subfield code="a">Jägerová, Tereza</subfield>
   <subfield code="%">ISIS:35720</subfield>
   <subfield code="4">dis</subfield>
  </datafield>
  <datafield tag="242" ind1="1" ind2="0">
   <subfield code="a">Optimal agricultural production planning under different climate scenarios</subfield>
   <subfield code="y">eng</subfield>
  </datafield>
  <datafield tag="245" ind1="1" ind2="0">
   <subfield code="a">Plánování optimální zemědělské produkce při různých klimatických scénářích /</subfield>
   <subfield code="c">Tereza Jägerová</subfield>
  </datafield>
  <datafield tag="264" ind1=" " ind2="0">
   <subfield code="c">2019</subfield>
  </datafield>
  <datafield tag="300" ind1=" " ind2=" ">
   <subfield code="a">?? stran :</subfield>
   <subfield code="3">digital, PDF soubor</subfield>
  </datafield>
  <datafield tag="500" ind1=" " ind2=" ">
   <subfield code="a">Vedoucí práce: Jan Pelikán</subfield>
  </datafield>
  <datafield tag="502" ind1=" " ind2=" ">
   <subfield code="a">Disertační práce (Ph.D.)—Vysoká škola ekonomická v Praze. Fakulta informatiky a statistiky, 2020</subfield>
  </datafield>
  <datafield tag="504" ind1=" " ind2=" ">
   <subfield code="a">Obsahuje bibliografii</subfield>
  </datafield>
  <datafield tag="516" ind1=" " ind2=" ">
   <subfield code="a">Textový (vysokoškolská kvalifikační práce)</subfield>
  </datafield>
  <datafield tag="518" ind1=" " ind2=" ">
   <subfield code="a">Rok obhajoby 2020</subfield>
  </datafield>
  <datafield tag="520" ind1="3" ind2=" ">
   <subfield code="a">Zemědělské podniky každoročně hledají optimální strukturu rostlinné anebo živočišné výroby při maximalizaci zisku. Disertační práce navrhuje model na podporu rozhodování zemědělských podniků při plánování jejich produkce za různých klimatických scénářů. Model integruje makroekonomický (vliv trhu zemědělských komodit) a mikroekonomický pohled (podnikové procesy) na zemědělství. Výstupem modelu je zejména optimální struktura rostlinné produkce, struktura stáda skotu a následnost osetých ploch. Optimalizační model plánování produkce je propojen s ekonometrickými modely, které predikují dopady předpokládaného klimatického scénáře na výnosnost plodin, vývoj cen formovaných na trhu zemědělských komodit a vývoj nákladovostí plodin. Modely výnosů plodin předpokládají jistou setrvačnost dopadů klimatických proměnných na výnos – přesněji efekt dlouhých období sucha s případnými nárazovými dešti v minulém i aktuálním vegetativním období. Model dále zohledňuje geografickou polohu podniku, koloběh vytěžování zemědělské půdy, pravidla zachování obratu stáda skotu a další omezení podniku, která vyplývají z jeho dispozic a provázaností jednotlivých činností. Predikční modely výnosů jsou konstruovány pomocí metod krátkých panelových dat. Modely krátkodobých predikcí cen vycházejí z principu zpožděného lineárního regresního modelu, zatímco modely krátkodobých predikcí nákladovosti plodin představují autoregresní modely časových řad. Všechny predikční modely vykazují vysokou přesnost předpovědi. Do optimalizačního modelu plánování produkce vstupují ekonometrické prognózy výnosů, cen a nákladovostí jednotlivých plodin jako parametry účelové funkce a dále dílčí optimalizační model osevních postupů, který je integrován pomocí metod cílového programování. Model je testován na datech reáln</subfield>
  </datafield>
  <datafield tag="520" ind1="8" ind2=" ">
   <subfield code="a">Model umožňuje analýzu dopadů různých klimatických scénářů na optimální produkci. Práce obsahuje simulace dopadů čtyř pravděpodobných klimatických scénářů na strukturu produkce a ziskovost typové farmy ve všech krajích České republiky.</subfield>
  </datafield>
  <datafield tag="538" ind1=" " ind2=" ">
   <subfield code="a">Způsob přístupu: Internet</subfield>
  </datafield>
  <datafield tag="653" ind1="0" ind2=" ">
   <subfield code="a">ekonometrie a operační výzkum [obor disert. práce]</subfield>
  </datafield>
  <datafield tag="655" ind1=" " ind2="7">
   <subfield code="a">disertace</subfield>
   <subfield code="7">fd132024</subfield>
   <subfield code="2">czenas</subfield>
  </datafield>
  <datafield tag="655" ind1=" " ind2="9">
   <subfield code="a">dissertations</subfield>
   <subfield code="2">eczenas</subfield>
  </datafield>
  <datafield tag="690" ind1=" " ind2=" ">
   <subfield code="a">plánování zemědělské produkce</subfield>
  </datafield>
  <datafield tag="690" ind1=" " ind2=" ">
   <subfield code="a">ekonometrické prognózy</subfield>
  </datafield>
  <datafield tag="690" ind1=" " ind2=" ">
   <subfield code="a">klimatické scénáře</subfield>
  </datafield>
  <datafield tag="690" ind1=" " ind2=" ">
   <subfield code="a">predikční model výnosu plodin</subfield>
  </datafield>
  <datafield tag="690" ind1=" " ind2=" ">
   <subfield code="a">ceny zemědělských komodit</subfield>
  </datafield>
  <datafield tag="690" ind1=" " ind2=" ">
   <subfield code="a">autoregresní modely</subfield>
  </datafield>
  <datafield tag="690" ind1=" " ind2=" ">
   <subfield code="a">optimalizace</subfield>
  </datafield>
  <datafield tag="700" ind1="1" ind2=" ">
   <subfield code="a">Pelikán, Jan,</subfield>
   <subfield code="d">1943-</subfield>
   <subfield code="7">jo2002106284</subfield>
   <subfield code="4">ths</subfield>
  </datafield>
  <datafield tag="700" ind1="1" ind2=" ">
   <subfield code="a">Šubrt, Tomáš</subfield>
   <subfield code="4">opn</subfield>
  </datafield>
  <datafield tag="710" ind1="2" ind2=" ">
   <subfield code="a">Vysoká škola ekonomická v Praze.</subfield>
   <subfield code="b">Fakulta informatiky a statistiky</subfield>
   <subfield code="7">kn20010709399</subfield>
   <subfield code="4">dgg</subfield>
  </datafield>
  <datafield tag="856" ind1="4" ind2="0">
   <subfield code="u">https://insis.vse.cz/zp/69355/podrobnosti</subfield>
   <subfield code="y">VŠKP v InSIS</subfield>
  </datafield>
  <datafield tag="856" ind1="4" ind2="0">
   <subfield code="u">https://insis.vse.cz/zp/69355</subfield>
   <subfield code="y">Hlavní práce</subfield>
  </datafield>
  <datafield tag="856" ind1="4" ind2="0">
   <subfield code="u">https://insis.vse.cz/zp/69355/posudek/vedouci</subfield>
   <subfield code="y">Hodnocení vedoucího</subfield>
  </datafield>
  <datafield tag="856" ind1="4" ind2="0">
   <subfield code="u">https://insis.vse.cz/zp/69355/posudek/oponent/64407</subfield>
   <subfield code="y">Oponentura</subfield>
  </datafield>
  <datafield tag="856" ind1="4" ind2="0">
   <subfield code="u">https://insis.vse.cz/zp/69355/posudek/oponent/64427</subfield>
   <subfield code="y">Oponentura</subfield>
  </datafield>
  <datafield tag="999" ind1="4" ind2="0">
   <subfield code="u">https://insis.vse.cz/zp/69355/podrobnosti</subfield>
   <subfield code="y">dc:identifier</subfield>
  </datafield>
  <datafield tag="993" ind1=" " ind2=" ">
   <subfield code="x">NEPOSILAT</subfield>
   <subfield code="y">VSKP</subfield>
  </datafield>
  <datafield tag="999" ind1="4" ind2="9">
   <subfield code="a">vse69355</subfield>
   <subfield code="b">200204</subfield>
  </datafield>
  <datafield tag="999" ind1="4" ind2="5">
   <subfield code="x">69355</subfield>
  </datafield>
 </record>
</collection>
